| 000 | 00699nac a22001937a 4500 | ||
|---|---|---|---|
| 005 | 20251108173311.0 | ||
| 008 | 250721s9999 xx 000 0 ara d | ||
| 082 | 1 | 4 | _aم/610.956/أنط |
| 100 | 1 | _aالأنطاكي، داود بن عمر | |
| 245 | 1 | 0 | _aتذكرة أولي الألباب و الجامع للعجب العجاب / |
| 246 | 1 | 3 | _aذل التذكرة لأحد تلاميذ المؤلف |
| 246 | 1 | 3 | _aالزهة المبهجة في تشحيذ الأذهان و تعديل الأمزجة |
| 264 | 1 |
_aبيروت : _bالمكتبة الثقافية، |
|
| 300 | _a2ج | ||
| 650 | 1 | 7 | _aالطب |
| 650 | 1 | 7 | _aالبلدان العربية |
| 942 |
_2ddc _cCOL |
||
| 999 |
_c100723 _d100723 |
||